LEADER 01297nam a2200289 i 4500 001 000000236383 003 CaOOAMICUS 005 20141201000000.0 008 141201s1996 it u000 u ita u 013 $a215287 020 $a88-315-1273-0 040 $aSeMil$bita 100 1 $aAntonioli, Francesco,$d<1963- >.$0(OLS)http://semarc/name/54362 245 10$aCercatori di Dio :$breportage sulle tracce degli ultimi eremiti /$cFrancesco Antonioli ; prefazione di Salvatore Natoli. 260 $aMilano :$bPaoline,$c1996. 300 $a116 p, [4] c. di tav. :$bill. ;$c21 cm. 490 0 $aLibroteca Paoline ;$v3 650 4$aEremiti - Biografie.$0(OLS)http://semarc/subject/16661 650 4$aEremitismo.$0(OLS)http://semarc/subject/41963 700 1 $aNatoli, Salvatore,$d<1942- >.$0(OLS)http://semarc/name/16452 830 0$aLibroteca Paoline ;$v3.$0(OLS)http://semarc/title/8178 850 $aSeMil 852 $aSeMil$W1$xVenegono$y1$m3G V 239$j186729$B186729$CSeMilBibl$Z2$F197900 $81 961 $aLascito: Serenthà don Mario 996 $6020$a88-315-1273-0$9(OLS)http://semarc/number/241465 996 $6245$aCercatori di Dio :$breportage sulle tracce degli ultimi eremiti$9(OLS)http://semarc/title/336885 996 $6260$aMilano :$bPaoline$9(OLS)http://semarc/publisher/29684 LEADER 01661nam a2200361 i 4500 001 000000255112 003 CaOOAMICUS 005 20170821000000.0 008 170821s2006 it u000 u ita u 013 $a234017 020 $a88-7477-071-5 020 $a88-01-03476-8 040 $aSeMil$bita 100 1 $aLagarde, Claude <1937- >.$0(OLS)http://semarc/name/90302 245 10$aAlzati, va' a Ninive :$bla doppia chiamata del profeta Giona /$cClaude e Jacqueline Lagarde ; a cura del Gruppo Emmaus. 260 $aLeumann (TO) :$bElledici,$c2006. 260 $aVicenza :$bISG,$c2006. 300 $a69 p. ;$c20 cm. 490 0 $aCatechesi 650 4$aPedagogia e catechesi.$0(OLS)http://semarc/subject/5680 650 4$aCatechesi biblica.$0(OLS)http://semarc/subject/4284 650 4$aBibbia. Antico Testamento. Giona - Commentari, studi, critica, interpretazioni.$0(OLS)http://semarc/subject/3616 700 1 $aGruppo Emmaus.$0(OLS)http://semarc/name/68629 700 1 $aLagarde, Jacqueline <1932- >.$0(OLS)http://semarc/name/90303 830 0$aCatechesi.$0(OLS)http://semarc/title/22739 850 $aSeMil 852 $aSeMil$W1$xVenegono$y1$m2W I 311$j205458$B205458$CSeMilBibl$Z2$F219106 $81 961 $aOmaggio: Lorenzi don Ugo 996 $6020$a88-7477-071-5$9(OLS)http://semarc/number/278822 996 $6020$a88-01-03476-8$9(OLS)http://semarc/number/278823 996 $6245$aAlzati, va' a Ninive :$bla doppia chiamata del profeta Giona$9(OLS)http://semarc/title/411454 996 $6260$aVicenza :$bISG$9(OLS)http://semarc/publisher/35826 996 $6260$aLeumann (TO) :$bElledici$9(OLS)http://semarc/publisher/29715